Statistiques concernant Harry Potter: les Balais volants

Cliquez ici pour prendre le quiz!

Statistiques générales

  • Ce quiz a été pris 86 fois
  • Le résultat moyen est 17 sur 23

Statistiques - réponses

InformationRéponse% Correct
Personne qui en possede un de cette marqueHarry Potter
98%
Personne qui en possede un de cette marqueHarry Potter
98%
UtilisationMoyen de locomotion
98%
Marque connueNimbus (1000,1001,1500,1700,2000,2001)
98%
Sport dans lequel on en utiliseQuidditch
98%
Nom du cours qui apprend à manier un balaiVol
97%
Première apparitionHarry Potter à l'école des sorciers
95%
Derniere apparitionHarry Potter et les Reliques de la Mort
95%
Personne qui en possede un de cette marqueDrago Malefoy
94%
Personne qui en possede un de cette marqueL'équipe de Quidditch de Serpentard en 1992
94%
Marque connueEclair de Feu
88%
Professeure de ce coursRenée Bibine
86%
Personne qui en possede un de cette marqueRon Weasley
77%
Personne qui en possede un de cette marqueFred Weasley
74%
Personne qui en possede un de cette marqueGeorge Weasley
74%
Personne qui en possede un de cette marqueRon Weasley
74%
Marque connueBrossdur ( 1,2,3,5,6,7,11)
60%
Marque connueComète ( 140,180,260,290)
43%
Personne qui en possede un de cette marqueCho Chang
38%
Personne qui en possede un de cette marqueNymphadora Tonks
32%
Personne qui en possede un de cette marqueEquipe de Quidditch d'Irlande
23%
Marque connueEtoile Filante
22%
Personne qui en possede un de cette marquePoudlard
6%

Distribution des résultats

Percentile par nombre de réponses

% des personnes avec chaque résultat

Votre développement - résultats

Vous n’avez pas pris ce quiz